Prénoms commençant par la lettre "C" - Statistiques

Statistiques générales
  • Ce quiz a été pris 158 fois
  • Le résultat moyen est 8 sur 30
Statistiques - réponses
Indice Prénom % Correct
fruit rouge Cerise
72%
dinosaure de l'île aux enfants Casimir
60%
agrume Clémentine
56%
gare de Marseille Charles
55%
Cécile Bois alias ____ Renoir Candice
51%
Masiero ou Touzet Corinne
48%
papayou Carlos
46%
Les Rita Mitsouko Catherine
46%
indulgence Clémence
45%
Hugues Aufray l'a chantée Céline
44%
dessert moulé - chapeau de femme Charlotte
44%
la dame d'Alexandre Dumas Camélia
40%
Bizet Carmen
33%
lion de Daktari Clarence
32%
trophée César
21%
fleur Capucine
19%
vase Clovis
19%
huître Claire
17%
Sidonie Gabrielle Colette
17%
Raleigh ou Columbia Caroline
16%
danse-musique-nymphe de la mer Calypso
15%
lac Constance
14%
Le Misanthrope de Molière Célimène
10%
merveilleux, surnaturel Céleste
6%
circuit moto Carole
4%
Déméter Chloé
4%
39478 Claude
3%
Bonjour tristesse Cécile
2%
ville du Texas et du Dakota du Nord Christine
2%
La comédie humaine de Balzac Coralie
0%
Aucun quiz correspondant
Distribution des résultats
% des personnes avec chaque résultat
Percentile par nombre de réponses
Votre historique - résultats
Vous n’avez pas pris ce quiz